000 01226cab a2200253 4500
001 ##L134068
008 060706n2006 000 0 eng u
035 _a(Sirsi) u134068
041 0 _aeng
100 1 _aBlackman, David
245 0 0 _aProperty Week supplement
_bregeneration
260 _c2006
490 0 _aProperty Week
_v71(26) 30 June 2006, (16) (LOAN)
520 _aSpeculates on the result of a likely merger between English Partnerships and the Housing Corporation. Reports on accusations of corporate greenwash resulting from Asda's latest corporate social responsibility initiative; an industrial crime-preventing business improvement district in the west Midlands; and designing a new town on the site of Oakington Barracks in Cambridgeshire. Looks at how developers can benefit from the public consultation process, and how the British Urban Regeneration Association is learning from Barcelona's successful Olympic Games venue.
590 _aIKA180706
651 4 _aWEST MIDLANDS
651 4 _aCAMBRIDGESHIRE
651 4 _aEAST LONDON
690 _aPROPERTY-PROPERTY MANAGEMENT-REGENERATION
700 1 _aGreig-Smith, Heather
700 1 _aMorrison, Doug
700 1 _aMallett, Lee
942 _n0
999 _c77351
_d77351